书目信息 |
| 题名: |
谋帅刘伯承
|
|
| 作者: | 关河五十州 著 | |
| 分册: | ||
| 出版信息: | 北京 现代出版社 2016 |
|
| 页数: | 412页 | |
| 开本: | 24cm | |
| 丛书名: | ||
| 单 册: | ||
| 中图分类: | K825.2=74 | |
| 科图分类: | ||
| 主题词: | ||
| 电子资源: | ||
| ISBN: | 978-7-5143-3281-0 | |
| 000 | 00759nam0 22002291 450 | |
| 001 | 0119165219 | |
| 005 | 20170619165219.0 | |
| 010 | @a978-7-5143-3281-0@dCNY55.00 | |
| 100 | @a20160219d2016 em y0chiy50 ea | |
| 101 | 0 | @achi |
| 102 | @aCN@b110000 | |
| 105 | @ay z 000yb | |
| 106 | @ar | |
| 200 | 1 | @a谋帅刘伯承@9mou shuai liu bai cheng@f关河五十州[著] |
| 210 | @a北京@c现代出版社@d2016 | |
| 215 | @a412页@d24cm | |
| 330 | @a本书是一部展示刘伯承戎马人生的传记作品,深入解读了刘伯承一代“军神”的战场生涯,其中对刘伯承指挥艺术的描绘极为精彩。 | |
| 600 | 0 | @a刘伯承@9liu bai cheng@f(1892-1986)@x传记 |
| 690 | @aK825.2=74@v5 | |
| 701 | 0 | @a关河五十州@9guan he wu shi zhou@4著 |
| 801 | 0 | @aCN@b百万庄@c20170616 |
| 905 | @b1010307-12@dK825.2=74@e951@f6 | |
| 谋帅刘伯承/关河五十州[著].-北京:现代出版社,2016 |
| 412页;24cm |
| ISBN 978-7-5143-3281-0:CNY55.00 |
| 本书是一部展示刘伯承戎马人生的传记作品,深入解读了刘伯承一代“军神”的战场生涯,其中对刘伯承指挥艺术的描绘极为精彩。 |
| ● |
| 相关链接 |
|
|
|
|
正题名:谋帅刘伯承
索取号:K825.2=74/951
 
预约/预借
| 序号 | 登录号 | 条形码 | 馆藏地/架位号 | 状态 | 备注 |
| 1 | 1010307 | 210103074 | 第二样本阅览室/ [索取号:K825.2=74/951] | 在馆 | |
| 2 | 1010308 | 210103083 | 教育系资料室/ [索取号:K825.2=74/951] | 在馆 | |
| 3 | 1010309 | 210103092 | 教育系资料室/ [索取号:K825.2=74/951] | 在馆 | |
| 4 | 1010310 | 210103109 | 教育系资料室/ [索取号:K825.2=74/951] | 在馆 | |
| 5 | 1010311 | 210103118 | 第二借阅区/ [索取号:K825.2=74/951] | 在馆 | |
| 6 | 1010312 | 210103127 | 第二借阅区/ [索取号:K825.2=74/951] | 在馆 |